Grow / Ιστορίες Management και Ηγεσίας: 60 Ανθρωποι σε Σημαντικές Θέσεις Ευθύνης Μιλούν για Πρώτη Φορά μέσα από τις Προσωπικές τους Εμπειρίες (Record no. 7349)
[ view plain ]
| 000 -LEADER | |
|---|---|
| fixed length control field | 01200cam a22002054a 4500 |
| 005 - ΗΜΕΡΟΜΗΝΙΑ ΚΑΙ ΩΡΑ ΤΕΛΕΥΤΑΙΑΣ ΕΝΗΜΕΡΩΣΗΣ | |
| Πεδίο ελέγχου | 20250605164307.0 |
| 008 - FIXED-LENGTH DATA ELEMENTS--GENERAL INFORMATION | |
| Πεδίο ελέγχου σταθερού μήκους | 250528s ||||||||||||||||||||||||d |
| 035 ## - SYSTEM CONTROL NUMBER | |
| System control number | 22295 |
| 020 ## - ISBN | |
| ISBN | 9789606530395 |
| 040 ## - ΠΗΓΗ ΚΑΤΑΛΟΓΟΓΡΑΦΗΣΗΣ | |
| Φορέας πρωτότυπης καταλογογράφησης | MC Athens Campus Library |
| Γλώσσα καταλογογράφησης | Ελληνικά, Μοντέρνα (1453-) |
| Modifying agency | MC Athens Campus Library |
| Κανόνες περιγραφικής καταλογογράφησης | AACR2 |
| 245 1# - ΤΙΤΛΟΣ ΚΑΙ ΔΗΛΩΣΗ ΥΠΕΥΘΥΝΟΤΗΤΑΣ | |
| Τίτλος | Grow / Ιστορίες Management και Ηγεσίας: 60 Ανθρωποι σε Σημαντικές Θέσεις Ευθύνης Μιλούν για Πρώτη Φορά μέσα από τις Προσωπικές τους Εμπειρίες |
| 260 ## - PUBLICATION, DISTRIBUTION, ETC. | |
| Name of publisher, distributor, etc. | Διόπτρα, |
| Date of publication, distribution, etc. | 2020 |
| 300 ## - PHYSICAL DESCRIPTION | |
| Extent | 496 |
| 520 ## - SUMMARY, ETC. | |
| Summary, etc. | Για πρώτη φορά, άνθρωποι σε καίριες θέσεις ευθύνης από τον χώρο κορυφαίων Επιχειρήσεων, της Εκπαίδευσης, του Στρατού και της Εκκλησίας συγκεντρώνουν τις απόψεις τους και εξομολογούνται, μέσα από τα βιώματα τους, τις ιστορίες τους για την ηγεσία, το Manage |
| 700 1# - ΠΡΟΣΘΕΤΗ ΑΝΑΓΡΑΦΗ--ΦΥΣΙΚΟ ΠΡΟΣΩΠΟ | |
| Personal name | Παπαδήμας Βαγγέλης |
| 9 (RLIN) | 8160 |
| 700 1# - ΠΡΟΣΘΕΤΗ ΑΝΑΓΡΑΦΗ--ΦΥΣΙΚΟ ΠΡΟΣΩΠΟ | |
| Personal name | Σπηλίωτης Θοδωρής |
| 942 ## - ADDED ENTRY ELEMENTS (KOHA) | |
| Koha item type | Books |
| Τύπος τεκμηρίου | Βιβλιοθήκη | Τρέχουσα τοποθεσία | Τοποθεσία | Barcode | Αριθμός εισαγωγής | Ημερομηνία απόκτησης | Ταξιθετικό σύμβολο | Αριθμός αντιτύπου | Κατάσταση απόσυρσης | Κατάσταση χαμένου | Κατάσταση κατεστραμμένου | Μη δανεισμός | Σύνολο δανεισμών | Ημερομηνία τελευταίας εμφάνισης | Η τιμή ισχύει από |
|---|---|---|---|---|---|---|---|---|---|---|---|---|---|---|---|
| Books | MC Athens Campus Library | MC Athens Campus Library | Παράρτημα Γλυφάδας | 9780000073488 | 7435 | 05/06/2025 | 658 SPI | 1 | 05/06/2025 | 05/06/2025 |